Hodnotenie bonity firemného klienta z pohľadu komerčnej banky diplomová práca

Salvato in:
Dettagli Bibliografici
Autore principale: Bezák, Marek
Ente Autore: Národohospodárska fakulta EU. Katedra bankovníctva a medzinárodných financií
Altri autori: Šturc, Boris, 1961-
Natura: Libro
Lingua:slovacco
Pubblicazione: Bratislava 2017
Tags: Aggiungi Tag
Nessun Tag, puoi essere il primo ad aggiungerne!!

MARC

LEADER 00000nbm a2200000 4500
001 0231743
005 20180112115458.1
041 0 |a slo 
044 |a SK 
245 1 0 |a Hodnotenie bonity firemného klienta z pohľadu komerčnej banky  |b diplomová práca  |c Marek Bezák ; školiteľ: Boris Šturc 
264 1 |a Bratislava  |c 2017 
300 |a 84 s. 
100 1 |a Bezák, Marek 
700 1 |a Šturc, Boris, 1961- 
710 2 |a Národohospodárska fakulta EU. Katedra bankovníctva a medzinárodných financií